000 01103nam a2200241Ia 4500
003 OSt
005 20200824202934.0
008 191128s2010 sp ad gr 000 0 spa d
040 _aCo-JMCR
_cCo-JMCR
041 0 _aspa
082 0 4 _a368.43008 /
_bE748r
_223
100 1 _aEscrivá, José Luis,
_eeditor
_99169
245 1 4 _aLas Reformas de los Sistemas de Pensiones en Latinoamérica. Avances y Temas Pendientes /
_cJosé Luis Escrivá, Eduardo Fuentes, Alicia García Herrero
260 _aEspaña :
_bBBVA,
_c2010.
300 _a379 páginas :
_bgráficos a color ;
_c24 cm.
504 _aBibliografía : páginas 363-379.
505 0 _aBalnces de las reformas de pensiones en latinoamérica -- El papel ineludible de las pensiones privadas en los sistemas de ingresos de jubilación -- Reformas al sistema de pensiones en Chile -- Fortalicimiento de los sistemas de pensiones en México
650 2 4 _aSistemas de pensiones
_97960
650 2 4 _aReformas pensionales
_99170
700 1 _aFuentes, Eduardo,
_eeditor
_99171
700 1 _aGracía Herrero, Alicia,
_eeditora
_99172
942 _2ddc
_cBK
999 _c6064
_d6064